[Event "ELD 22/23"]
[Site "?"]
[Date "2023.04.23"]
[Round "7.1"]
[White "Stalmach, Richard"]
[Black "Nemec, Jachym"]
[Result "1-0"]
[BlackElo "2352"]
[WhiteElo "2417"]
[LiveChessVersion "1.4.8"]

1. d4 {[%clk 1:30:56]} Nf6 {[%clk 1:30:55]} 2. c4 {[%clk 1:30:55]} e6
{[%clk 1:31:14]} 3. Nf3 {[%clk 1:30:31]} Bb4+ {[%clk 1:31:32]} 4. Nbd2
{[%clk 1:30:36]} b6 {[%clk 1:31:42]} 5. a3 {[%clk 1:30:49]} Bxd2+
{[%clk 1:32:06]} 6. Bxd2 {[%clk 1:30:39]} Bb7 {[%clk 1:32:17]} 7. Bg5
{[%clk 1:30:19]} h6 {[%clk 1:32:17]} 8. Bh4 {[%clk 1:29:54]} g5 {[%clk 1:30:10]}
9. Bg3 {[%clk 1:29:53]} d6 {[%clk 1:28:36]} 10. e3 {[%clk 1:29:12]} Ne4
{[%clk 1:21:50]} 11. Nd2 {[%clk 1:27:02]} Nxg3 {[%clk 1:21:03]} 12. hxg3
{[%clk 1:21:56]} c5 {[%clk 1:21:30]} 13. Qc2 {[%clk 1:17:42]} Nd7
{[%clk 1:16:35]} 14. O-O-O {[%clk 1:16:33]} cxd4 {[%clk 1:07:26]} 15. exd4
{[%clk 1:16:39]} Rc8 {[%clk 1:07:24]} 16. Kb1 {[%clk 1:15:11]} d5
{[%clk 1:04:14]} 17. Qd3 {[%clk 0:58:00]} Nf6 18. Re1 Kf8 {[%clk 0:41:38]} 19. c5
{[%clk 0:42:48]} Kg7 {[%clk 0:38:24]} 20. cxb6 {[%clk 0:32:38]} Qxb6
{[%clk 0:37:48]} 21. f3 {[%clk 0:32:15]} Rc6 {[%clk 0:37:10]} 22. Nb3
{[%clk 0:27:14]} Ba6 {[%clk 0:34:38]} 23. Qxa6 {[%clk 0:26:24]} Qxa6
{[%clk 0:35:02]} 24. Bxa6 {[%clk 0:26:52]} Rxa6 {[%clk 0:35:28]} 25. Rc1
{[%clk 0:25:14]} Rb8 {[%clk 0:30:39]} 26. Rc3 {[%clk 0:24:41]} Rab6
{[%clk 0:30:42]} 27. Ka2 {[%clk 0:25:03]} Ne8 {[%clk 0:30:27]} 28. Rb1
{[%clk 0:24:13]} Nd6 {[%clk 0:29:47]} 29. Nc5 {[%clk 0:24:32]} Rh8
{[%clk 0:25:58]} 30. Nd7 {[%clk 0:18:48]} Rb7 {[%clk 0:26:20]} 31. Nc5
{[%clk 0:19:17]} Rb6 {[%clk 0:26:31]} 32. Rbc1 {[%clk 0:19:30]} Nb5
{[%clk 0:21:05]} 33. Rd3 {[%clk 0:19:17]} h5 {[%clk 0:21:22]} 34. Nd7
{[%clk 0:17:25]} Rb7 {[%clk 0:21:25]} 35. Nc5 {[%clk 0:17:54]} Rb6
{[%clk 0:21:45]} 36. f4 {[%clk 0:16:04]} g4 {[%clk 0:20:18]} 37. Nd7
{[%clk 0:15:35]} Rb7 {[%clk 0:20:44]} 38. Nc5 {[%clk 0:16:03]} Rb6
{[%clk 0:17:37]} 39. Na4 {[%clk 0:14:16]} Ra6 {[%clk 0:17:01]} 40. b3
{[%clk 0:14:04]} h4 {[%clk 0:15:33]} 41. gxh4 {[%clk 0:13:43]} Rxh4
{[%clk 0:15:57]} 42. Rc8 {[%clk 0:08:03]} Kg6 {[%clk 0:09:26]} 43. Nc5
{[%clk 0:06:04]} Rb6 {[%clk 0:08:00]} 44. Nd7 {[%clk 0:04:50]} Rb7
{[%clk 0:07:51]} 45. Rg8+ {[%clk 0:03:36]} Kf5 {[%clk 0:07:58]} 46. Nc5
{[%clk 0:03:22]} Rc7 {[%clk 0:07:39]} 47. b4 {[%clk 0:01:36]} Nd6
{[%clk 0:06:21]} 48. Rc3 {[%clk 0:01:06]} Re7 {[%clk 0:05:06]} 49. Rg5+
{[%clk 0:01:35]} Kxf4 {[%clk 0:03:52]} 50. Re5 {[%clk 0:02:04]} Rh2
{[%clk 0:04:01]} 51. Nd3+ {[%clk 0:01:06]} Kg3 {[%clk 0:04:26]} 52. Nb2+
{[%clk 0:01:33]} Kf2 {[%clk 0:03:21]} 53. Rc2+ {[%clk 0:01:52]} Kg3
{[%clk 0:03:28]} 54. Rc3+ {[%clk 0:02:21]} Kf2 {[%clk 0:03:26]} 55. Nd1+
{[%clk 0:02:28]} Kf1 {[%clk 0:01:23]} 56. Ne3+ {[%clk 0:02:57]} Ke1
{[%clk 0:01:20]} 57. Nxg4+ {[%clk 0:02:07]} Kd2 {[%clk 0:01:46]} 58. Kb3
{[%clk 0:01:46]} Ne4 {[%clk 0:00:46]} 59. Rc2+ {[%clk 0:01:45]} Kd3
{[%clk 0:00:54]} 60. Nxh2 {[%clk 0:02:09]} a5 {[%clk 0:01:02]} 61. Nf3
{[%clk 0:01:18]} f5 {[%clk 0:01:01]} 62. Rc6 {[%clk 0:01:32]} a4+
{[%clk 0:01:02]} 63. Kxa4 {[%clk 0:01:47]} 1-0

[Event "ELD 22/23"]
[Site "?"]
[Date "2023.04.23"]
[Round "7.2"]
[White "Smolik, Jachym"]
[Black "Gnojek, Petr"]
[Result "1-0"]
[BlackElo "2331"]
[WhiteElo "2310"]
[LiveChessVersion "1.4.8"]

1. d4 {[%clk 1:30:59]} Nf6 {[%clk 1:30:54]} 2. Nc3 {[%clk 1:31:24]} d5
{[%clk 1:29:31]} 3. Bf4 {[%clk 1:31:43]} a6 {[%clk 1:27:43]} 4. e3
{[%clk 1:32:03]} Bf5 {[%clk 1:27:59]} 5. Nf3 {[%clk 1:27:08]} e6 {[%clk 1:27:08]}
6. Ne5 {[%clk 1:26:27]} h5 {[%clk 1:17:03]} 7. Be2 {[%clk 1:19:31]} Nbd7
{[%clk 1:17:21]} 8. O-O {[%clk 1:09:36]} Bd6 {[%clk 1:16:39]} 9. h3
{[%clk 1:07:53]} h4 {[%clk 1:12:07]} 10. Rc1 {[%clk 1:02:05]} Qe7
{[%clk 1:06:32]} 11. Bd3 {[%clk 0:57:34]} Ne4 {[%clk 0:51:42]} 12. f3
{[%clk 0:47:08]} Nxc3 {[%clk 0:51:18]} 13. bxc3 {[%clk 0:47:36]} Bxd3
{[%clk 0:46:25]} 14. cxd3 {[%clk 0:47:40]} Rh5 {[%clk 0:46:24]} 15. Bh2
{[%clk 0:43:36]} Bxe5 {[%clk 0:43:58]} 16. dxe5 {[%clk 0:43:42]} Qc5
{[%clk 0:41:43]} 17. Qe2 {[%clk 0:42:11]} O-O-O {[%clk 0:40:24]} 18. Kh1
{[%clk 0:40:13]} f6 {[%clk 0:40:21]} 19. exf6 {[%clk 0:37:48]} gxf6
{[%clk 0:40:46]} 20. Rb1 {[%clk 0:36:38]} Rg5 {[%clk 0:39:47]} 21. Qb2
{[%clk 0:26:43]} b6 {[%clk 0:37:49]} 22. Qd2 {[%clk 0:21:11]} Rdg8
{[%clk 0:34:09]} 23. Rg1 {[%clk 0:21:10]} e5 {[%clk 0:31:27]} 24. Rb4
{[%clk 0:21:03]} Rh5 {[%clk 0:31:05]} 25. d4 {[%clk 0:19:59]} Qc6
{[%clk 0:30:13]} 26. Qd3 {[%clk 0:17:12]} a5 {[%clk 0:25:15]} 27. Rb2
{[%clk 0:15:22]} Kb7 {[%clk 0:20:44]} 28. Rd1 {[%clk 0:14:49]} e4
{[%clk 0:19:53]} 29. fxe4 {[%clk 0:15:09]} dxe4 {[%clk 0:20:20]} 30. Qf1
{[%clk 0:15:03]} Qe6 {[%clk 0:11:04]} 31. c4 {[%clk 0:12:42]} Rf5
{[%clk 0:11:29]} 32. Qe1 {[%clk 0:12:23]} Qxc4 {[%clk 0:08:41]} 33. Rc1
{[%clk 0:12:27]} Qd3 {[%clk 0:09:09]} 34. Rxc7+ {[%clk 0:11:26]} Ka6
{[%clk 0:08:41]} 35. Kg1 {[%clk 0:08:39]} Rb5 {[%clk 0:06:40]} 36. Rxb5
{[%clk 0:06:41]} Qxb5 {[%clk 0:07:06]} 37. a4 {[%clk 0:06:28]} Qf5
{[%clk 0:06:10]} 38. Qe2+ {[%clk 0:06:50]} b5 {[%clk 0:06:38]} 39. Qxb5+
{[%clk 0:07:10]} Qxb5 {[%clk 0:07:06]} 40. axb5+ {[%clk 0:07:35]} Kxb5
{[%clk 0:07:34]} 41. Rxd7 {[%clk 0:07:59]} a4 {[%clk 0:08:02]} 42. Ra7
{[%clk 0:05:48]} Rc8 {[%clk 0:08:29]} 43. Bc7 {[%clk 0:04:28]} Kc6
{[%clk 0:05:59]} 44. Rxa4 {[%clk 0:04:13]} Rxc7 {[%clk 0:06:26]} 45. Rc4+
{[%clk 0:04:38]} 1-0

[Event "ELD 22/23"]
[Site "?"]
[Date "2023.04.23"]
[Round "7.3"]
[White "Frank, Adam"]
[Black "Hlavina, Matous"]
[Result "1-0"]
[BlackElo "2122"]
[WhiteElo "2398"]
[LiveChessVersion "1.4.8"]

1. e4 {[%clk 1:30:58]} e6 {[%clk 1:30:55]} 2. d4 {[%clk 1:31:19]} d5
{[%clk 1:31:23]} 3. Nd2 {[%clk 1:31:43]} c5 {[%clk 1:31:48]} 4. Ngf3
{[%clk 1:32:06]} cxd4 {[%clk 1:32:03]} 5. Nxd4 {[%clk 1:32:31]} Nc6
{[%clk 1:32:25]} 6. Bb5 {[%clk 1:32:57]} Bd7 {[%clk 1:32:49]} 7. Nxc6
{[%clk 1:33:23]} bxc6 {[%clk 1:33:15]} 8. Bd3 {[%clk 1:33:49]} Bd6
{[%clk 1:33:39]} 9. Qe2 {[%clk 1:34:14]} e5 {[%clk 1:34:02]} 10. c4
{[%clk 1:34:27]} d4 {[%clk 1:31:53]} 11. O-O {[%clk 1:34:36]} Ne7
{[%clk 1:24:37]} 12. f4 {[%clk 1:28:33]} c5 {[%clk 1:22:41]} 13. Qh5
{[%clk 1:05:11]} Nc6 {[%clk 1:19:06]} 14. f5 {[%clk 1:05:28]} g6 {[%clk 0:56:14]}
15. Qh6 {[%clk 1:05:43]} Bf8 {[%clk 0:54:52]} 16. Qh3 {[%clk 1:06:09]} Qe7
{[%clk 0:50:51]} 17. a3 {[%clk 0:54:26]} a5 {[%clk 0:50:26]} 18. Qg3
{[%clk 0:53:02]} Bh6 {[%clk 0:49:27]} 19. Nf3 {[%clk 0:52:48]} Bxc1
{[%clk 0:49:50]} 20. Raxc1 {[%clk 0:53:15]} Rb8 {[%clk 0:46:42]} 21. h4
{[%clk 0:42:23]} Rb3 {[%clk 0:42:50]} 22. Bc2 {[%clk 0:38:48]} Re3
{[%clk 0:42:44]} 23. Rce1 {[%clk 0:38:24]} Rxe1 {[%clk 0:43:07]} 24. Rxe1
{[%clk 0:36:24]} gxf5 {[%clk 0:41:37]} 25. exf5 {[%clk 0:30:16]} f6
{[%clk 0:41:48]} 26. Be4 {[%clk 0:30:42]} Kf8 {[%clk 0:40:14]} 27. Nd2
{[%clk 0:30:19]} Qg7 {[%clk 0:38:39]} 28. Qf3 {[%clk 0:30:42]} Qh6
{[%clk 0:38:38]} 29. Re2 {[%clk 0:24:06]} d3 {[%clk 0:35:20]} 30. Qxd3
{[%clk 0:24:31]} Nd4 {[%clk 0:35:45]} 31. Rf2 {[%clk 0:24:36]} Ke7
{[%clk 0:25:11]} 32. Nb3 {[%clk 0:23:13]} Rg8 {[%clk 0:20:37]} 33. Nxd4
{[%clk 0:20:36]} cxd4 {[%clk 0:20:51]} 34. b4 {[%clk 0:20:04]} Qxh4
{[%clk 0:19:40]} 35. b5 {[%clk 0:12:13]} Rg3 {[%clk 0:19:51]} 36. Bf3
{[%clk 0:11:40]} Qg5 {[%clk 0:16:48]} 37. Qe2 {[%clk 0:04:56]} Bxf5
{[%clk 0:13:13]} 38. b6 {[%clk 0:05:22]} Qc1+ {[%clk 0:12:49]} 39. Rf1
{[%clk 0:05:04]} Qxa3 {[%clk 0:12:20]} 40. b7 {[%clk 0:05:16]} Rg8
{[%clk 0:12:28]} 41. Bd5 {[%clk 0:02:44]} Be6 {[%clk 0:12:43]} 42. Rb1
{[%clk 0:02:57]} Bxd5 {[%clk 0:11:42]} 43. cxd5 {[%clk 0:01:01]} Rb8
{[%clk 0:11:50]} 44. Qh5 {[%clk 0:01:23]} Qe3+ {[%clk 0:11:16]} 45. Kh1
{[%clk 0:01:52]} Qe4 {[%clk 0:10:53]} 46. Rb6 {[%clk 0:02:21]} Qxd5
{[%clk 0:08:34]} 47. Qxh7+ {[%clk 0:02:04]} Qf7 {[%clk 0:08:33]} 48. Qc2
{[%clk 0:02:19]} Kf8 {[%clk 0:07:31]} 49. Qc8+ {[%clk 0:01:27]} Kg7
{[%clk 0:06:57]} 50. Rb1 {[%clk 0:01:21]} Qh5+ {[%clk 0:05:57]} 51. Kg1
{[%clk 0:01:50]} Qe2 {[%clk 0:05:49]} 52. Rb3 {[%clk 0:00:45]} Qd1+
{[%clk 0:04:14]} 53. Kh2 {[%clk 0:01:14]} d3 {[%clk 0:04:43]} 54. Rxd3
{[%clk 0:00:34]} Qxd3 {[%clk 0:02:36]} 55. Qc7+ {[%clk 0:01:03]} Kh6
{[%clk 0:01:54]} 56. Qxb8 {[%clk 0:01:29]} Qh7 {[%clk 0:01:56]} 57. Qc8
{[%clk 0:00:32]} Kg7+ {[%clk 0:00:58]} 58. Kg1 {[%clk 0:00:45]} Qb1+
{[%clk 0:01:24]} 59. Kf2 {[%clk 0:01:12]} Qb2+ {[%clk 0:01:08]} 60. Kf3
{[%clk 0:01:15]} Qb3+ {[%clk 0:01:01]} 61. Ke4 {[%clk 0:01:34]} f5+
{[%clk 0:00:52]} 62. Kxf5 {[%clk 0:00:53]} Qf7+ {[%clk 0:00:56]} 63. Kxe5
{[%clk 0:01:05]} Qe7+ {[%clk 0:01:16]} 64. Kd5 {[%clk 0:01:30]} Qg5+
{[%clk 0:01:33]} 65. Kd6 {[%clk 0:01:42]} Qf4+ {[%clk 0:01:51]} 66. Kc6
{[%clk 0:02:07]} Qf6+ {[%clk 0:01:52]} 67. Kb5 {[%clk 0:02:32]} Qf1+
{[%clk 0:01:59]} 68. Qc4 {[%clk 0:01:41]} Qf5+ {[%clk 0:01:57]} 69. Qc5
{[%clk 0:01:19]} Qf1+ {[%clk 0:01:49]} 70. Kb6 {[%clk 0:01:39]} Qf6+
{[%clk 0:02:14]} 71. Ka7 {[%clk 0:02:00]} Qf7 {[%clk 0:02:36]} 72. Ka8
{[%clk 0:02:23]} 1-0

[Event "ELD 22/23"]
[Site "?"]
[Date "2023.04.23"]
[Round "7.4"]
[White "Ocelak, Jakub"]
[Black "Paseka, Matyas"]
[Result "1-0"]
[BlackElo "2164"]
[WhiteElo "2198"]
[LiveChessVersion "1.4.8"]

1. e4 {[%clk 1:30:57]} c5 {[%clk 1:30:50]} 2. Nf3 {[%clk 1:31:19]} Nc6
{[%clk 1:31:00]} 3. Bc4 {[%clk 1:31:41]} e6 {[%clk 1:30:44]} 4. O-O
{[%clk 1:32:03]} a6 {[%clk 1:29:09]} 5. Re1 {[%clk 1:17:43]} d6 {[%clk 1:27:12]}
6. c3 {[%clk 1:16:34]} b5 {[%clk 1:12:46]} 7. Bf1 {[%clk 1:14:33]} c4
{[%clk 1:12:40]} 8. b3 {[%clk 1:10:43]} cxb3 {[%clk 1:09:36]} 9. axb3
{[%clk 1:10:13]} Bb7 {[%clk 1:09:20]} 10. d4 {[%clk 1:07:47]} e5 {[%clk 0:48:12]}
11. d5 {[%clk 0:41:15]} Nb8 {[%clk 0:48:29]} 12. c4 {[%clk 0:41:16]} bxc4
{[%clk 0:48:15]} 13. bxc4 {[%clk 0:41:43]} Nd7 {[%clk 0:48:25]} 14. Qa4
{[%clk 0:40:58]} Rc8 {[%clk 0:45:25]} 15. Bd2 {[%clk 0:39:43]} g6
{[%clk 0:20:33]} 16. Ba5 {[%clk 0:32:15]} Qe7 {[%clk 0:20:53]} 17. Nc3
{[%clk 0:31:45]} Bg7 {[%clk 0:18:59]} 18. Reb1 {[%clk 0:31:08]} Ba8
{[%clk 0:19:06]} 19. c5 {[%clk 0:28:15]} Ngf6 {[%clk 0:09:04]} 20. Bxa6
{[%clk 0:20:12]} O-O {[%clk 0:09:26]} 21. cxd6 {[%clk 0:20:05]} Qxd6
{[%clk 0:09:39]} 22. Bxc8 {[%clk 0:19:57]} Rxc8 {[%clk 0:09:28]} 23. Bb4
{[%clk 0:19:29]} Qc7 {[%clk 0:08:42]} 24. Nb5 {[%clk 0:17:05]} Qb6
{[%clk 0:08:16]} 25. Nd6 {[%clk 0:14:39]} Rb8 {[%clk 0:08:38]} 26. Nc4
{[%clk 0:14:37]} Qd8 {[%clk 0:07:58]} 27. Nfd2 {[%clk 0:11:45]} Nh5
{[%clk 0:06:41]} 28. Ba5 {[%clk 0:09:37]} Rxb1+ {[%clk 0:03:50]} 29. Rxb1
{[%clk 0:09:46]} Qe7 {[%clk 0:03:20]} 30. Bb4 {[%clk 0:09:27]} Qd8
{[%clk 0:03:44]} 31. Qa7 {[%clk 0:06:54]} Nf4 {[%clk 0:02:14]} 32. Ra1
{[%clk 0:05:37]} Qg5 {[%clk 0:01:08]} 33. Qxa8+ {[%clk 0:05:51]} Nf8
{[%clk 0:01:34]} 34. Ne3 {[%clk 0:06:06]} Bh6 {[%clk 0:01:09]} 35. Bxf8
{[%clk 0:05:53]} 1-0

[Event "ELD 22/23"]
[Site "?"]
[Date "2023.04.23"]
[Round "7.5"]
[White "Buchta, Bartolomej"]
[Black "Bezdek, Tomas"]
[Result "0-1"]
[BlackElo "2043"]
[WhiteElo "1777"]
[LiveChessVersion "1.4.8"]

1. e4 {[%clk 1:30:56]} e6 {[%clk 1:30:48]} 2. d4 {[%clk 1:31:19]} d5
{[%clk 1:31:04]} 3. e5 {[%clk 1:31:42]} c5 {[%clk 1:31:25]} 4. c3
{[%clk 1:32:08]} Nc6 {[%clk 1:31:50]} 5. Nf3 {[%clk 1:32:33]} Qb6
{[%clk 1:32:12]} 6. Be2 {[%clk 1:32:56]} cxd4 {[%clk 1:32:14]} 7. cxd4
{[%clk 1:33:20]} Nge7 {[%clk 1:32:17]} 8. Na3 {[%clk 1:33:40]} Nf5
{[%clk 1:28:06]} 9. Nc2 {[%clk 1:34:05]} Be7 {[%clk 1:28:29]} 10. O-O
{[%clk 1:34:21]} Bd7 {[%clk 1:28:17]} 11. b3 {[%clk 1:32:03]} O-O
{[%clk 1:26:19]} 12. Bb2 {[%clk 1:32:19]} Rfc8 {[%clk 1:26:24]} 13. g4
{[%clk 1:32:20]} Nh4 {[%clk 1:25:01]} 14. Nxh4 {[%clk 1:32:42]} Bxh4
{[%clk 1:25:18]} 15. f4 {[%clk 1:31:15]} Be7 {[%clk 1:23:17]} 16. Kh1
{[%clk 1:30:24]} a5 {[%clk 1:18:13]} 17. Rf3 {[%clk 1:21:49]} a4 {[%clk 1:15:21]}
18. Bd3 {[%clk 1:08:48]} g6 {[%clk 1:09:08]} 19. Be2 {[%clk 0:53:30]} Na5
{[%clk 0:55:49]} 20. b4 {[%clk 0:49:08]} Nc4 {[%clk 0:55:54]} 21. Bxc4
{[%clk 0:49:17]} dxc4 {[%clk 0:56:18]} 22. d5 {[%clk 0:47:03]} Bxb4
{[%clk 0:50:27]} 23. f5 {[%clk 0:25:18]} Rd8 {[%clk 0:42:38]} 24. Bd4
{[%clk 0:07:46]} Bc5 {[%clk 0:38:53]} 25. Rb1 {[%clk 0:08:12]} Qa5
{[%clk 0:38:24]} 26. fxe6 {[%clk 0:05:04]} fxe6 {[%clk 0:38:16]} 27. Rxb7
{[%clk 0:03:15]} Bxd4 {[%clk 0:33:00]} 28. Qxd4 {[%clk 0:03:39]} Qxd5
{[%clk 0:17:31]} 29. Qxd5 {[%clk 0:04:02]} exd5 {[%clk 0:17:57]} 30. Nd4
{[%clk 0:04:25]} Rab8 {[%clk 0:15:22]} 31. Ra7 {[%clk 0:04:53]} Rb1+
{[%clk 0:07:32]} 32. Kg2 {[%clk 0:05:17]} Re1 {[%clk 0:07:20]} 33. e6
{[%clk 0:03:16]} Be8 {[%clk 0:04:00]} 34. Rh3 {[%clk 0:01:28]} h5
{[%clk 0:01:24]} 35. gxh5 {[%clk 0:01:55]} Re4 {[%clk 0:01:25]} 36. hxg6
{[%clk 0:00:52]} Rxd4 {[%clk 0:01:27]} 37. Rah7 {[%clk 0:00:33]} Rg4+
{[%clk 0:01:19]} 38. Kf3 {[%clk 0:00:42]} Rxg6 {[%clk 0:01:37]} 39. Rh8+
{[%clk 0:00:51]} Kg7 {[%clk 0:02:03]} 40. R3h7+ {[%clk 0:00:39]} Kf6
{[%clk 0:02:21]} 41. e7 {[%clk 0:01:02]} Rc8 {[%clk 0:02:03]} 42. Rf8+
{[%clk 0:00:40]} Ke6 {[%clk 0:02:20]} 43. h4 {[%clk 0:00:31]} Rf6+
{[%clk 0:01:45]} 0-1

[Event "ELD 22/23"]
[Site "?"]
[Date "2023.04.23"]
[Round "7.6"]
[White "Martirosyan, David"]
[Black "Dudova, Pavlina"]
[Result "1-0"]
[BlackElo "1753"]
[WhiteElo "1917"]
[LiveChessVersion "1.4.8"]

1. d4 {[%clk 1:30:54]} d5 {[%clk 1:30:51]} 2. c4 {[%clk 1:31:16]} c6
{[%clk 1:31:16]} 3. Nf3 {[%clk 1:31:31]} Nf6 {[%clk 1:31:33]} 4. Nc3
{[%clk 1:31:48]} e6 {[%clk 1:31:50]} 5. e3 {[%clk 1:32:07]} Nbd7 {[%clk 1:32:04]}
6. Qc2 {[%clk 1:32:25]} Be7 {[%clk 1:30:04]} 7. g4 {[%clk 1:31:57]} h6
{[%clk 1:17:31]} 8. Bd2 {[%clk 1:32:13]} a6 {[%clk 1:11:29]} 9. Rg1
{[%clk 1:31:46]} b5 {[%clk 1:07:30]} 10. c5 {[%clk 1:28:59]} Qc7 {[%clk 1:06:02]}
11. e4 {[%clk 1:20:40]} dxe4 {[%clk 1:02:49]} 12. Nxe4 {[%clk 1:20:56]} Nd5
{[%clk 0:59:30]} 13. O-O-O {[%clk 1:19:25]} N7f6 {[%clk 0:54:30]} 14. Re1
{[%clk 1:17:36]} Bd7 {[%clk 0:50:50]} 15. g5 {[%clk 1:12:29]} Nxe4
{[%clk 0:49:22]} 16. Qxe4 {[%clk 1:12:10]} hxg5 {[%clk 0:45:37]} 17. Bxg5
{[%clk 1:12:09]} Bxg5+ {[%clk 0:40:50]} 18. Rxg5 {[%clk 1:11:49]} f5
{[%clk 0:35:48]} 19. Qxf5 {[%clk 1:09:51]} O-O-O {[%clk 0:34:08]} 20. Qe5
{[%clk 1:06:00]} Rdf8 {[%clk 0:31:53]} 21. Qxc7+ {[%clk 1:04:18]} Kxc7
{[%clk 0:32:05]} 22. Rg3 {[%clk 1:03:46]} Rf6 {[%clk 0:31:02]} 23. Re5
{[%clk 1:03:13]} Rhf8 {[%clk 0:30:05]} 24. Be2 {[%clk 1:03:18]} Nf4
{[%clk 0:30:02]} 25. Kd2 {[%clk 1:02:56]} Nxe2 {[%clk 0:26:33]} 26. Kxe2
{[%clk 1:03:16]} Kd8 {[%clk 0:25:30]} 27. Ke3 {[%clk 1:00:49]} g6
{[%clk 0:09:13]} 28. b4 {[%clk 0:57:33]} Ke7 {[%clk 0:08:23]} 29. h4
{[%clk 0:55:12]} Be8 {[%clk 0:06:36]} 30. Ng5 {[%clk 0:48:38]} Rh8
{[%clk 0:06:00]} 31. Rg4 {[%clk 0:48:06]} Bf7 {[%clk 0:04:46]} 32. f4
{[%clk 0:46:16]} Rf5 {[%clk 0:03:02]} 33. Nf3 {[%clk 0:44:50]} Rf6
{[%clk 0:01:39]} 34. Reg5 {[%clk 0:44:25]} Be8 {[%clk 0:01:23]} 35. Ke4
{[%clk 0:42:44]} Rf5 {[%clk 0:00:42]} 36. Ne5 {[%clk 0:42:06]} Rxg5
{[%clk 0:00:43]} 37. fxg5 {[%clk 0:42:28]} Rf8 {[%clk 0:00:41]} 38. Rf4
{[%clk 0:42:29]} Rh8 {[%clk 0:00:44]} 39. Kf3 {[%clk 0:40:16]} Rh7
{[%clk 0:00:45]} 40. Kg3 {[%clk 0:40:27]} Rh8 {[%clk 0:00:37]} 41. Ng4
{[%clk 0:40:30]} Bf7 {[%clk 0:00:35]} 42. Nh6 {[%clk 0:40:46]} Be8
{[%clk 0:00:51]} 43. Kf3 {[%clk 0:41:08]} Rf8 {[%clk 0:00:34]} 44. Rxf8
{[%clk 0:40:59]} Kxf8 {[%clk 0:00:58]} 45. Kf4 {[%clk 0:41:23]} Ke7
{[%clk 0:01:03]} 46. Ke5 {[%clk 0:41:48]} Bd7 {[%clk 0:01:12]} 47. Ng8+
{[%clk 0:42:02]} Kd8 {[%clk 0:00:35]} 48. Nf6 {[%clk 0:42:22]} Bc8
{[%clk 0:00:34]} 49. Ke4 1-0

[Event "ELD 22/23"]
[Site "?"]
[Date "2023.04.23"]
[Round "7.7"]
[White "Vojta, Jakub"]
[Black "Ret, Adam Josef"]
[Result "1-0"]
[BlackElo "2093"]
[WhiteElo "2292"]
[LiveChessVersion "1.4.8"]

1. c4 {[%clk 1:30:55]} e6 {[%clk 1:28:44]} 2. g3 {[%clk 1:31:22]} d5
{[%clk 1:27:47]} 3. Bg2 {[%clk 1:31:48]} Nf6 {[%clk 1:28:13]} 4. Nf3
{[%clk 1:32:15]} Be7 {[%clk 1:28:32]} 5. O-O {[%clk 1:32:42]} O-O
{[%clk 1:28:54]} 6. b3 {[%clk 1:32:48]} c5 {[%clk 1:28:09]} 7. Bb2
{[%clk 1:33:03]} Nc6 {[%clk 1:28:11]} 8. e3 {[%clk 1:33:26]} b6 {[%clk 1:28:26]}
9. Nc3 {[%clk 1:33:48]} Bb7 {[%clk 1:28:42]} 10. cxd5 {[%clk 1:34:12]} exd5
{[%clk 1:22:55]} 11. d4 {[%clk 1:34:37]} Rc8 {[%clk 1:20:09]} 12. Rc1
{[%clk 1:33:13]} Ba6 {[%clk 1:09:42]} 13. Re1 {[%clk 1:33:00]} c4
{[%clk 1:07:46]} 14. bxc4 {[%clk 1:27:17]} Bxc4 {[%clk 1:07:33]} 15. Ne5
{[%clk 1:26:04]} b5 {[%clk 1:05:37]} 16. Nxc4 {[%clk 1:14:55]} bxc4
{[%clk 1:05:18]} 17. e4 {[%clk 1:15:23]} dxe4 {[%clk 1:01:31]} 18. Nxe4
{[%clk 1:15:00]} Nb4 {[%clk 1:00:39]} 19. Bf1 {[%clk 1:14:44]} Nxe4
{[%clk 0:53:09]} 20. Rxe4 {[%clk 1:15:05]} c3 {[%clk 0:52:19]} 21. Rxc3
{[%clk 1:14:49]} Rxc3 {[%clk 0:52:36]} 22. Bxc3 {[%clk 1:15:18]} Nxa2
{[%clk 0:52:31]} 23. Bd2 {[%clk 1:05:30]} a5 {[%clk 0:42:42]} 24. Bxa5
{[%clk 1:04:48]} Qxa5 {[%clk 0:41:44]} 25. Rxe7 {[%clk 1:05:15]} Qb4
{[%clk 0:39:59]} 26. Qe2 {[%clk 1:00:11]} Nc3 {[%clk 0:39:28]} 27. Qe5
{[%clk 1:00:34]} Nb1 {[%clk 0:37:21]} 28. Bd3 {[%clk 0:56:58]} Nd2
{[%clk 0:35:58]} 29. Kg2 {[%clk 0:57:25]} Nb3 {[%clk 0:33:47]} 30. d5
{[%clk 0:57:06]} Nc5 {[%clk 0:33:29]} 31. Bc2 {[%clk 0:53:59]} Qd2
{[%clk 0:32:19]} 32. Be4 {[%clk 0:48:23]} g6 {[%clk 0:29:52]} 33. Re8
{[%clk 0:47:32]} Qh6 {[%clk 0:08:32]} 34. d6 {[%clk 0:46:08]} Rxe8
{[%clk 0:07:29]} 35. Qxe8+ {[%clk 0:46:35]} Qf8 {[%clk 0:07:51]} 36. d7
{[%clk 0:43:11]} Ne6 {[%clk 0:08:07]} 37. Bd5 {[%clk 0:43:30]} Nd8
{[%clk 0:08:30]} 38. Qe5 {[%clk 0:41:18]} Qg7 {[%clk 0:08:55]} 39. Qg5
{[%clk 0:41:43]} Qf8 {[%clk 0:07:32]} 40. Qf6 {[%clk 0:42:03]} h6
{[%clk 0:07:33]} 41. Qxg6+ {[%clk 0:42:18]} Kh8 {[%clk 0:07:58]} 42. Qf6+
{[%clk 0:42:37]} Kg8 {[%clk 0:08:16]} 43. h4 {[%clk 0:42:10]} Kh7
{[%clk 0:08:14]} 44. f3 {[%clk 0:41:06]} Kg8 {[%clk 0:08:38]} 45. g4
{[%clk 0:41:31]} Kh7 {[%clk 0:08:34]} 46. g5 {[%clk 0:41:52]} hxg5
{[%clk 0:07:46]} 47. hxg5 {[%clk 0:42:09]} Qg7 {[%clk 0:07:52]} 48. Be4+
{[%clk 0:42:33]} 1-0